| 000 | 00891nam a2200205Ia 4500 | ||
|---|---|---|---|
| 003 | GCL | ||
| 005 | 20240530105359.0 | ||
| 008 | 140319s9999 xx 000 0 ara d | ||
| 040 |
_aGCL / _cGCL |
||
| 082 | 0 | 4 |
_a328.3/ _bم م |
| 110 | 0 | _4مركز الدراسات السياسية و الاستراتيجية بالاهرام | |
| 245 | 1 | 0 |
_aمحاضر الكنيست : _bنصوص مختارة من محاضر الكنيست السادس/ _cمركز الدراسات السياسية و الاستراتيجية بالاهرام ؛ تقديم السيد يسين |
| 260 |
_a[S.N] : _bمركز الدراسات السياسية والاستراتيجية - الأهرام ، _c1977 |
||
| 300 | _a690 ص | ||
| 490 |
_aسلسلة محاضر الكنيسيت _v0 |
||
| 650 | 0 | 4 | _aاسرائيل |
| 650 | 0 | 4 | _aالهيئات التشريعية |
| 650 | 0 | 4 | _aالكنيسة |
| 942 |
_2ddc _cBK |
||
| 999 |
_c55475 _d55475 |
||